Super immunity kitchen (Record no. 395663)

MARC details
000 -LEADER
fixed length control field 00496 a2200193 4500
005 - DATE & TIME
control field 20260409124359.0
008 - FIXED-LENGTH DATA ELEMENTS--GENERAL INFORMATION
fixed length control field 260409b |||||||| |||| 00| 0 eng d
020 ## - ISBN
International Standard Book Number 9788182041240
Price Rs. 1295.00
040 ## - CATALOGING SOURCE
Original cataloging agency VIVEKANANDA LIBRARY
082 ## - DDC NUMBER
Classification number 641.563
Book Number A54S
100 ## - MAIN ENTRY--PERSONAL NAME
Personal name Anirban
245 ## - TITLE STATEMENT
Title Super immunity kitchen
260 ## - PUBLICATION, DISTRIBUTION, ETC. (IMPRINT)
Name of publisher, distributor, etc Aman Publications
Date of publication, distribution, etc 2021
Place of publication, distribution, etc New Delhi
650 ## - Subject
Subject Food Technology
650 ## - Subject
Subject Food and Drinks
650 ## - Subject
Subject Cooking - Diets
700 ## - Added Entry Personal Name
Added Entry Personal Name Aggarwal, Neeraj
942 ## - ADDED ENTRY ELEMENTS (KOHA)
Koha item type Books
Holdings
Withdrawn status Lost status Source of classification or shelving scheme Damaged status Not for loan Location (home branch) Sublocation or collection (holding branch) Shelving location Date acquired Koha issues (times borrowed) Koha full call number Accession No. Koha date last seen Koha item type
    Dewey Decimal Classification     VIVEKANANDA LIBRARY VIVEKANANDA LIBRARY IHTM Library 21/01/2026   641.563 A54S 425222 21/01/2026 Books
© Designed and Maintained by Vivekananda Library, MDU Rohtak